Principles of Plasma Physics (Record no. 30398)
[ view plain ]
| 000 -LEADER | |
|---|---|
| fixed length control field | 00508 a2200145 4500 |
| 020 ## - INTERNATIONAL STANDARD BOOK NUMBER | |
| International Standard Book Number | 0-07-035346-8 |
| 082 ## - DEWEY DECIMAL CLASSIFICATION NUMBER | |
| Classification number | 530.44 |
| 090 ## - LOCALLY ASSIGNED LC-TYPE CALL NUMBER (OCLC); LOCAL CALL NUMBER (RLIN) | |
| -- | 1792 |
| -- | 1792 |
| 100 ## - MAIN ENTRY--PERSONAL NAME | |
| Personal name | Krall, Nicholson A. |
| 245 ## - TITLE STATEMENT | |
| Title | Principles of Plasma Physics |
| Statement of responsibility, etc. | Nicholson A. Krall and Alvin W. Trivelpiece |
| 260 ## - PUBLICATION, DISTRIBUTION, ETC. | |
| Place of publication, distribution, etc. | USA |
| Name of publisher, distributor, etc. | McGraw-Hill Book Company |
| Date of publication, distribution, etc. | 1973 |
| 300 ## - PHYSICAL DESCRIPTION | |
| Extent | xiii, 674 |
| 942 ## - ADDED ENTRY ELEMENTS (KOHA) | |
| Institution code [OBSOLETE] | SNS |
| Koha item type | Book |
| Call number prefix | 530.44 KRA |
| Withdrawn status | Lost status | Damaged status | Not for loan | Permanent Location | Current Location | Date acquired | Total Checkouts | Full call number | Barcode | Date last seen | Date last checked out | Price effective from | Koha item type |
|---|---|---|---|---|---|---|---|---|---|---|---|---|---|
| School of Natural Sciences (SNS) | School of Natural Sciences (SNS) | 05/26/2016 | 1 | 530.44 KRA | SNS0002093 | 08/16/2023 | 07/13/2023 | 05/26/2016 | Book |
